Random Tiny Countries 1# - Statistics

General Stats
  • This quiz has been taken 61 times
  • The average score is 12 of 15
Answers on the Map
Answers color-coded by a green-red scale on the quiz's map according to % correct below.
 
Answer Stats
Answer % Correct
Mexico
94%
Papua New Guinea
90%
India
88%
United Kingdom
88%
Italy
86%
Turkey
86%
New Zealand
84%
Norway
84%
Namibia
82%
Saudi Arabia
82%
Peru
80%
Algeria
78%
Cuba
78%
Democratic Republic of the Congo
75%
Venezuela
69%
No matching quizzes found
Score Distribution
Percent of People with Each Score
Percentile by Number Answered
Your Score History
You have not taken this quiz